000 00619nam a2200193Ii 4500
003 JO-AjNU
008 230605s9999||||xx |||||||||||||| ||und||
040 _aJO-AjNU
_bara
_erda
_cJO-AjNU
041 _aara
050 1 4 _aHF 5415 .M377. 2010
100 3 _aالمصري، احمد محمد,
_eauthor
_944085
245 0 0 _aالتسويق وفن البيع 
264 3 1 _aالاسكندرية:مؤسسة شباب الجامعة؛2010
300 _a185ص
336 _atext
_btxt
_2rdacontent
337 _aunmediated
_bn
_2rdamedia
338 _avolume
_bnc
_2rdacarrier
650 4 _aادارة المبيعات
_944086
999 _aA19005
_c22573
_d22573